Coaching and mentoring: theory and practice
Сохранить в:
| Главный автор: | |
|---|---|
| Формат: | |
| Язык: | английский |
| Опубликовано: |
Sage Publications,
2018.
|
| Метки: |
Добавить метку
Нет меток, Требуется 1-ая метка записи!
|
MARC
| LEADER | 00000nam a22000007a 4500 | ||
|---|---|---|---|
| 008 | 210125b ||||| |||| 00| 0 eng d | ||
| 020 | |a 978-1-4739-6934-6 | ||
| 100 | |a GARVEY, Bob. | ||
| 245 | |a Coaching and mentoring: |b theory and practice |c Bob Garvey, Paul Stokes [and] David Megginson. |g xxi, 346p.; ill. | ||
| 250 | |b 3rd ed. - | ||
| 260 | |b Sage Publications, |c 2018. |h Los Angeles: |i 692054 |i 692055 |l HF5385 .G19 |m Mentoring in business. |m Employees – Coaching of. | ||
| 500 | |a “It includes references and index”. | ||
| 942 | |a lcc |c BK |e Adeniran, F. A |f 25/01/2021 | ||
| 952 | |0 0 |1 0 |2 lcc |4 0 |6 HF5385 G19 |7 0 |9 1782 |a HOL |b MPL |c GJ |d 2021-01-25 |l 0 |o HF5385 .G19 |p 2021-0558 |r 2021-01-25 00:00:00 |w 2021-01-25 |y BK | ||
| 952 | |0 0 |1 0 |2 lcc |4 0 |6 HF5385 G19 |7 0 |9 1783 |a HOL |b HOL |c GJ |d 2021-01-25 |l 0 |o HF5385 .G19 |p 2021-0559 |r 2021-01-25 00:00:00 |w 2021-01-25 |y BK | ||
| 999 | |c 942 |d 942 | ||